MARC

LEADER 00000nam0a2200000 4500
001 276871
005 20231031231244.0
035 |a (RuTPU)RU\TPU\book\300144 
035 |a RU\TPU\book\278970 
090 |a 276871 
100 |a 20141126d1984 k a0rusy5003 ca 
101 0 |a rus 
102 |a RU 
105 |a a z 001zy 
200 1 |a Экспериментальные исследования конструкций производственных зданий  |e сборник научных трудов  |f Центральный научно-исследовательский и проектный институт строительных металлоконструкций им. Н. П. Мельникова 
210 |a Москва  |c Изд-во ЦНИИпроектстальконструкция  |d 1984 
215 |a 158 с. 
606 1 |a Строительные конструкции  |2 stltpush  |3 (RuTPU)RU\TPU\subj\57351 
610 1 |a исследования 
610 1 |a металлоконструкции 
610 1 |a каркасы 
610 1 |a испытания 
610 1 |a узловые соединения 
610 1 |a балки 
610 1 |a здания 
610 1 |a сооружения 
610 1 |a колебания 
610 1 |a фотограмметрия 
610 1 |a электромагнитные преобразователи 
610 1 |a перекрытия 
610 1 |a железобетонные плиты 
675 |a 624.01  |z rus  |v 3 
712 0 2 |a Центральный научно-исследовательский и проектный институт строительных металлоконструкций им.Н. П. Мельникова  |2 stltpush  |3 (RuTPU)RU\TPU\col\9545 
801 0 |a RU  |b 63413507  |c 19960705  |g psbo 
801 1 |a RU  |b 63413507  |c 20140408 
801 2 |a RU  |b 63413507  |c 20151111  |g RCR 
942 |c BK